Analýza vplyvu defektov na integritu potrubí

Salvato in:
Dettagli Bibliografici
Autore principale: Slušný, Erik (Autore)
Altri autori: Chmelko, Vladimír (Relatore della tesi)
Natura: Manoscritto Libro
Lingua:slovacco
Pubblicazione: 2020
Soggetti:
Accesso online:http://is.stuba.sk/zp/portal_zp.pl?podrobnosti=150560
Tags: Aggiungi Tag
Nessun Tag, puoi essere il primo ad aggiungerne!!

MARC

LEADER 00000ntm a22000003a 4500
001 stuzp80318
003 SK-STU
005 20200711210918.2
007 ta
008 150427s2015----xo-----f-mn---000-0-slo-d
040 |a STU  |b slo 
041 0 |a slo 
100 1 |a Slušný, Erik  |u 020010  |k Z4  |4 aut  |U SjF Strojnícka fakulta  |T SjF Ústav aplikovanej mechaniky a mechatroniky  |X 81698  |U J0010  |Y 801  |7 81698 
242 0 1 |a Defect analysis for pipeline integrity  |y eng 
245 1 0 |a Analýza vplyvu defektov na integritu potrubí 
260 |c 2020 
650 4 |a weld  |2 eng 
650 4 |a defect  |2 eng 
650 4 |a destructive pressure  |2 eng 
650 4 |a pipeline  |2 eng 
650 4 |a potrubie  |2 slo 
650 4 |a deštrukčný tlak  |2 slo 
650 4 |a defekt  |2 slo 
650 4 |a zvar  |2 slo 
700 1 |a Chmelko, Vladimír  |u 020010  |k Z1  |4 ths  |U SjF Strojnícka fakulta  |T SjF Ústav aplikovanej mechaniky a mechatroniky  |X 2396  |U J0010  |Y 801  |7 A000002396 
856 4 |u http://is.stuba.sk/zp/portal_zp.pl?podrobnosti=150560